|
|
|
|
| LEADER |
00000naa2a2200000 4500 |
| 001 |
384945 |
| 005 |
20231101063319.0 |
| 035 |
|
|
|a (RuTPU)RU\TPU\prd\12235
|
| 090 |
|
|
|a 384945
|
| 100 |
|
|
|a 20030331a2003 k y0rusy50 ca
|
| 101 |
0 |
|
|a rus
|
| 102 |
|
|
|a RU
|
| 200 |
1 |
|
|a Минеральные богатства России и глобализация
|f В. Борисёнок, Б. Соколов, В. Старостин, А. Якубчук
|
| 461 |
|
1 |
|0 (RuTPU)RU\TPU\prd\458
|x 0233-3619
|t Энергия: экономика, техника, экология
|o научно-популярный и общественно-политический журнал
|f Российская академия наук (РАН)
|d 1984-
|
| 463 |
|
1 |
|0 (RuTPU)RU\TPU\prd\11854
|t № 2
|v С. 21-24
|d 2003
|
| 610 |
1 |
|
|a минеральные ресурсы
|
| 610 |
1 |
|
|a Россия
|
| 610 |
1 |
|
|a доллары
|
| 610 |
1 |
|
|a золотой запас
|
| 610 |
1 |
|
|a энергетический кризис
|
| 610 |
1 |
|
|a полезные ископаемые
|
| 701 |
|
1 |
|a Борисёнок
|b В.
|
| 701 |
|
1 |
|a Соколов
|b Б.
|
| 701 |
|
1 |
|a Старостин
|b В.
|
| 701 |
|
1 |
|a Якубчук
|b А.
|
| 801 |
|
1 |
|a RU
|b 63413507
|c 20030331
|g PSBO
|
| 801 |
|
2 |
|a RU
|b 63413507
|c 20120515
|g RCR
|
| 942 |
|
|
|c BK
|